000 00543nam a2200145 a 4500
001 000022575
005 20240229073831.0
008 101013s1998 dr ac 001 0 spa d
040 _aDO-SdBNP
_bspa
_cBNPHU
100 1 _aHernández, Ángela,
_d1954-
_92564
245 1 0 _aOtro modo de ser :
_bTalleres de sensibilización y análisis de género, memoria /
_cAngela Hernández Núñez.
260 _aSanto Domingo :
_bAsociación Suiza para la Cooperación Internacional,
_c1998.
_fMograf
300 _a191 p. :
_bil., retrs ;
_c28 cm.
049 _aBNPD
999 _c22072
_d22072